History Quiz

Random History or Border Quiz

Modern Countries of Prussia Quiz Stats

 Plays Quiz not verified by Sporcle

Challenge
Share
Tweet
Score 0/8 Timer 03:00
0 Plays Today
% Correct
Germany
99.1%
Poland
99%
Denmark
95.5%
Czechia
94.2%
Russia
93.5%
Lithuania
92%
Belgium
88.9%
Switzerland
57.1%

You're not logged in!

Compare scores with friends on all Sporcle quizzes.
OR
Log In

You Might Also Like...

Show Comments

Extras

Top Quizzes Today


Score Distribution

Your Account Isn't Verified!

In order to create a playlist on Sporcle, you need to verify the email address you used during registration. Go to your Sporcle Settings to finish the process.

Report this User

Report this user for behavior that violates our Community Guidelines.

Details: